000 01234cam a2200337 a 4500
001 2486
003 FISKH
005 20231212142114.0
008 990309s1999 nyua c 000 1 eng
010 _a 99014750
020 _a0060283122 (lib. bdg.)
020 _a0064407667 (pbk.)
020 _a0439206472
040 _aDLC
_cDLC
_dDLC
_beng
042 _alcac
050 0 0 _aPZ7.S6795
_bBad 1999
082 0 0 _a[Fic]
_221
100 1 _aSnicket, Lemony.
245 1 4 _aThe bad beginning /
_cby Lemony Snicket ; illustrations by Brett Helquist.
250 _aFirst Scholastic printing, September 2000
260 _aNew York :
_bScholastic,
_c1999.
300 _a162 pages :
_billustrations ;
_c20 cm
520 _aAfter the sudden death of their parents, the three Baudelaire children must depend on each other and their wits when it turns out that the distant relative who is appointed their guardian is determined to use any means necessary to get their fortune.
521 8 _a1010
_bLexile
650 1 _aOrphans
_vFiction.
650 1 _aSiblings
_vFiction.
650 1 _aHumorous stories.
700 1 _aHelquist, Brett,
_eillustrator
906 _a7
_bcbc
_corignew
_d1
_eocip
_f19
_gy-gencatlg
942 _2ddc
_cBK
_n0
999 _c2486
_d2486